01793nam a2200301 4500001000400000003000400004005001700008008004100025020001800066040000800084041001300092082001500105100003300120240007900153245012400232260002800356300001000384490008300394520077800477650002301255650002201278650002201300650001301322650001501335655001001350700004801360830008301408134OSt20250207074543.0250128b |||||||g |||| 00| j eng d a9788562936272 bpor hengapor a823bC555i1 aChristie, Agatha,d1890-1976 aAgatha Christie´s secret notebooks:fifity years of mysteries inthe making aO incidente da bola de cachorro /cChristie, Agatha ; Curran, John ; Tradução de Thereza Christina Rocque da Motta aSão PaulobLeyac2010 a95 p.1 aOs diários secretos de Agatha Christie: 50 anos de mistério na criação aCurran, especialista na obra de Agatha Christie, a escritora que mais vendeu livros no mundo - 2 bilhões de exemplares em 45 idiomas, segundo seu site oficial -, passou quatro anos analisando os rascunhos. "Eu sabia da existência dos cadernos, mas nunca, nem em meus melhores sonhos, cheguei a pensar que acabaria lendo eles um dia e publicando um livro sobre eles", explicou Curran à Agência Efe em Torquay, cidade natal da escritora. Foi ali perto, na residência de verão dos Christie, que o especialista estudou os 73 cadernos conservados. As anotações são "completamente caóticas". Às vezes a autora começava tratando de um livro e saltava para outro algumas páginas depois. E em alguns casos, ela retomava ideias inacabadas dez anos depois. 0aLiteratura Inglesa 0aHistorias curtas  0aRomance Policial  0aSuspense 0aMistério 0aConto aThereza Christina Rocque da MottaeTradutor aOs diários secretos de Agatha Christie: 50 anos de mistério na criação